LEADER 01686oam 2200481M 450 001 9910715804803321 005 20191123061950.4 035 $a(CKB)5470000002516042 035 $a(OCoLC)1064885958 035 $a(OCoLC)995470000002516042 035 $a(EXLCZ)995470000002516042 100 $a20070221d1862 ua 0 101 0 $aeng 135 $aurcn||||||||| 181 $ctxt$2rdacontent 182 $cc$2rdamedia 183 $acr$2rdacarrier 200 10$aByington vs. Vandever. February 17, 1862. -- Referred to the Committee of Elections, and ordered to be printed 210 1$a[Washington, D.C.] :$c[U.S. Government Printing Office],$d1862. 215 $a1 online resource (2 pages) 225 1 $aMis. doc. / 37th Congress, 2nd session. House ;$vno. 42 225 1 $a[United States congressional serial set ] ;$v[serial no. 1141] 300 $aBatch processed record: Metadata reviewed, not verified. Some fields updated by batch processes. 300 $aFDLP item number not assigned. 606 $aElections$zUnited States 606 $aContested elections 606 $aElection law 606 $aLegislators$zUnited States 606 $aArmed Forces$xOfficers 608 $aLegislative materials.$2lcgft 615 0$aElections 615 0$aContested elections. 615 0$aElection law. 615 0$aLegislators 615 0$aArmed Forces$xOfficers. 801 0$bWYU 801 1$bWYU 801 2$bOCLCO 801 2$bOCLCQ 906 $aBOOK 912 $a9910715804803321 996 $aByington vs. Vandever. February 17, 1862. -- Referred to the Committee of Elections, and ordered to be printed$93256488 997 $aUNINA LEADER 01757oam 2200493zu 450 001 9910872446003321 005 20241212214902.0 035 $a(CKB)111026746720518 035 $a(SSID)ssj0000455081 035 $a(PQKBManifestationID)12149057 035 $a(PQKBTitleCode)TC0000455081 035 $a(PQKBWorkID)10398742 035 $a(PQKB)10218398 035 $a(EXLCZ)99111026746720518 100 $a20160829d1997 uy 101 0 $aeng 181 $ctxt 182 $cc 183 $acr 200 10$a16th DASC, AIAA/IEEE Digital Avionics Systems Conference : Reflections to the future : [October 26-30, 1997 210 31$a[Place of publication not identified]$cInstitute of Electrical and Electronics Engineers$d1997 300 $aBibliographic Level Mode of Issuance: Monograph 311 08$a9780780341500 311 08$a0780341503 606 $aDigital avionics$xCongresses 606 $aAir traffic control$vCongresses 606 $aMechanical Engineering$2HILCC 606 $aAeronautics Engineering & Astronautics$2HILCC 606 $aEngineering & Applied Sciences$2HILCC 615 0$aDigital avionics$xCongresses. 615 0$aAir traffic control 615 7$aMechanical Engineering 615 7$aAeronautics Engineering & Astronautics 615 7$aEngineering & Applied Sciences 676 $a629.135 712 02$aAmerican Institute of Aeronautics and Astronautics 712 02$aAmerican Institute of Aeronautics and Astronautics Technical Committee--Digital Avionics. 712 02$aIEEE Aerospace and Electronic Systems Society 712 12$aDigital Avionics Systems Conference 801 0$bPQKB 906 $aBOOK 912 $a9910872446003321 996 $a16th DASC, AIAA$92498255 997 $aUNINA